000 00634nam a22002411i 4500
001 bimo0001053899
003 SpMaBN
005 20171201102005.0
008 920725s19uu xxu spa
016 7 _a
_z
_2BPMSU
017 _a
_b
020 _a
_c
035 _a
040 _aBPMSU
_bspa
_cBPMSU
080 0 _a
245 0 0 _aSabes quién fué? :
_h
_b25 biografías anecdóticas de personajes ilustres
_c
260 _a[s. l] :
_bSusaeta
_c [190?]
300 _a 16 p. :
_b il.
_c27 cm
490 0 _a
_v
942 _2ddc
_cBK
945 _ainventariado extranjero / DG
956 _aVMATEO
_b10
_c20170303
_dBPMSU
_f0069
999 _c12567
_d12567